000 00620nam a2200229Ia 4500
003 OSt
005 20230511143448.0
008 210423s2010 xx 000 0 und d
020 _a9788126525294
040 _cAL
041 _aeng
082 _a660.6
_223
_b REHH
100 _aREHM (H J);REED (G),Ed.
_9103258
245 _aBiotechnology: genetic fundamentals and genetic engineering.
250 _a2
260 _aNew Delhi
_bWiley India Pvt Ltd
_c2010
300 _axii,880
_bHB
365 _b3252
_cINR
440 _v2
906 _aBiotechnology: ; engineering. ; fundamentals ; genetic
942 _2ddc
_cBK
999 _c164243
_d164243